| 000 | 00383nam a22001697a 4500 | ||
|---|---|---|---|
| 003 | CEME | ||
| 005 | 20210628205300.0 | ||
| 008 | 210225b xxu||||| |||| 00| 0 eng d | ||
| 020 | _a969-0-00949-4 | ||
| 040 | _c. | ||
| 082 | _a891.4393 MUF'F | ||
| 100 |
_aMufti, Mumtaz _91012 |
||
| 245 | _aMuftiania | ||
| 260 |
_aLAHORE _bFEROZ SON _c1996 |
||
| 300 | _a1526P | ||
| 942 |
_cBK _2ddc |
||
| 999 |
_c580249 _d580249 |
||